| 000 | 00509nam a22001457a 4500 | ||
|---|---|---|---|
| 008 | 211103b ||||| |||| 00| 0 eng d | ||
| 020 | _a9780393921953 | ||
| 050 | _aJZ1305.M56 2014 | ||
| 100 |
_aMingst, Karen A.and Arreguin-Toff, Ivan M. _950947 |
||
| 245 |
_aEssentials of International relations _c/by Karen Mingst, A.and Ivan Arreguin-Toff, M. |
||
| 260 |
_aNew York: _bW. W. Norton and Company, _cc2014. |
||
| 300 |
_axvii, 429p.; _c23cm. |
||
| 650 | _aInternational relations | ||
| 942 |
_2lcc _cMONOGRAPH |
||
| 999 |
_c131096 _d131096 |
||